Unrecognized Countries by Border - Statistics

General Stats
  • This quiz has been taken 242 times
  • The average score is 7 of 8
Answer Stats
Hint Answer % Correct
Serbia, Montenegro, Albania, North Macedonia Kosovo
94%
Israel, Jordan, Mediterranian Sea, Dead Sea Palestine
94%
Morocco, Mauritania, Atlantic Ocean Western Sahara
90%
South China Sea Taiwan
89%
Djibouti, Ethiopia, Somalia, Gulf of Aden Somaliland
86%
Cyprus, Mediterranian Sea Northern Cyprus
82%
Russia, Georgia, Black Sea Abkhazia
74%
Russia, Georgia South Ossetia
74%
No matching quizzes found
Score Distribution
Percent of People with Each Score
Percentile by Number Answered
Your Score History
You have not taken this quiz